| 000 | 00398nam a2200121Ia 4500 | ||
|---|---|---|---|
| 008 | 170516s9999 xx 000 0 und d | ||
| 245 | _aZika virus infections, a review | ||
| 260 | _bRadiology of Infectious Diseases | ||
| 260 | _c2017 | ||
| 650 | _xRadiologic Technology | ||
| 650 | _xRadtech | ||
| 856 | _uhttps://www.journals.elsevier.com/radiology-of-infectious-diseases/most-downloaded-articles | ||
| 999 |
_c333002 _d333002 |
||